Movies Quiz

Random Movies Quiz

Movies with the same plot Quiz Stats

 Plays Quiz not verified by Sporcle

Score 0/52 Timer 10:00
0 Plays Today
Plot Movie % Correct
Man relives the same dayGroundhog Day
88.1%
New girl in school sucks up to the popular clique to subvert them from withinMean Girls
73.7%
A 'real' detective gets involved in a toon related caseWho Framed Roger Rabbit?
66.3%
Things fall on earthArmageddon
63.2%
A woman with bad-ass fighting skills gets revenge on a group of peopleKill Bill
58.8%
A daughter of a tribe chief and soldier share a romance when colonists invadePocahontas
51.6%
Things fall on earthDeep Impact
50.2%
Maid of honor falls in love with bride/groomMy Best Friend's Wedding
50.1%
Rich man offers a struggling couple money to sleep with the wifeIndecent Proposal
42.7%
Obsessive captain self destructively pursues his nemesisMoby Dick
41.5%
A daughter of a tribe chief and soldier share a romance when colonists invadeAvatar
40.7%
A town eruptsVolcano
36.6%
Musician struggles a little, gets some fame, then is ruined by substance abuseWalk the Line
33.8%
Maid of honor falls in love with bride/groomMade of Honor
30.8%
A town eruptsDante's Peak
30.2%
Musician struggles a little, gets some fame, then is ruined by substance abuseRay
28.8%
A daughter of a tribe chief and soldier share a romance when colonists invadeDances with Wolves
28.6%
With the help of a wise old man, a farm boy reallizes his destiny to defeat an oppressive overlordStar Wars: Episode IV - A New Hope
27.7%
Team of crack fighters defending freedom, who have to blow up half of the known world to defeat the terrorists and save the dayTeam America: World Police
23.4%
A young man falls in love with a girl who hangs out with vampiresTwilight Saga: New Moon
23.2%
An aging athlete makes a love connection with a woman who diagnoses his inadequacies on the field/courseBull Durham
22.4%
An aging athlete makes a love connection with a woman who diagnoses his inadequacies on the field/courseTin Cup
21.4%
A young man falls in love with a girl who hangs out with vampiresThe Lost Boys
16.9%
An oppressed village assembles 'warriors' to help defend their homes.The Seven Samurai
16.1%
New girl in school sucks up to the popular clique to subvert them from withinHeathers
13.8%
Musician struggles a little, gets some fame, then is ruined by substance abuseThe Doors
13.7%
Plot Movie % Correct
Musician struggles a little, gets some fame, then is ruined by substance abuseWalk Hard
11.1%
A 'real' detective gets involved in a toon related caseCool World
9.8%
Sam Neill goes on a mysterious journey and then gets eatenEvent Horizon
7.5%
An oppressed village assembles 'warriors' to help defend their homes.A Bugs Life
7.5%
A daughter of a tribe chief and soldier share a romance when colonists invadeFerngully
7.2%
A daughter of a tribe chief and soldier share a romance when colonists invadeLast Samurai
7.2%
With the help of a wise old man, a farm boy reallizes his destiny to defeat an oppressive overlordEragon
6.7%
Team of crack fighters defending freedom, who have to blow up half of the known world to defeat the terrorists and save the dayG.I. Joe
5.6%
A man fed up with life turns to his doesn't-play-by-the-rules friend to help reclaim his wild side.Fight Club
5.1%
A man fed up with life turns to his doesn't-play-by-the-rules friend to help reclaim his wild side.Old school
5%
Obsessive captain self destructively pursues his nemesisStar Trek II: The Wrath of Khan
4.6%
A young man falls in love with a girl who hangs out with vampiresNear Dark
2.9%
Rich man offers a struggling couple money to sleep with the wifeHoneymoon In Vegas
2.7%
Man tries to keep ex-wife from remarryingHis Girl Friday
2.6%
Musician struggles a little, gets some fame, then is ruined by substance abuseSid & Nancy
2.5%
Man tries to keep ex-wife from remarryingThe Philadelphia Story
2.1%
Musician struggles a little, gets some fame, then is ruined by substance abuseBird
2%
An oppressed village assembles 'warriors' to help defend their homes.Three Amigos
1.9%
Sam Neill goes on a mysterious journey and then gets eatenIn the Mouth of Madness
1.4%
Man relives the same day12:01
1.2%
Musician struggles a little, gets some fame, then is ruined by substance abuseThe Runaways
1.2%
Musician struggles a little, gets some fame, then is ruined by substance abuseLady Sings the Blues
0.9%
Man tries to keep ex-wife from remarryingThe Awful Truth
0.9%
Musician struggles a little, gets some fame, then is ruined by substance abuseRound Midnight
0.5%
A daughter of a tribe chief and soldier share a romance when colonists invadeOn Deadly Ground
0.1%
A woman with bad-ass fighting skills gets revenge on a group of peopleLady Snowblood
0.1%

You're not logged in!

Compare scores with friends on all Sporcle quizzes.
OR
Log In

Show Comments

Extras

Top Quizzes Today


Score Distribution

Your Account Isn't Verified!

In order to create a playlist on Sporcle, you need to verify the email address you used during registration. Go to your Sporcle Settings to finish the process.

Report this User

Report this user for behavior that violates our Community Guidelines.

Details: